000 00580nam a22002297a 4500
003 UA-OsUOA
001 99584
007 ta
008 20130513b un ||||| |||| 00| 0 ukr d
100 _aТімонен А.
090 _a821.511.111
_bТ41
942 _cBK
040 _aUA-OsUOA
_brus
_cUA-OsUOA
_dUA-OsUOA
245 _aМір'я
_bроман
300 _a501 с.
955 _a3
041 _arus
080 _a821.511.111
260 _aК.
_bДніпро
_c1987
650 7 _a82 Література. Літературознавство
_2UDC
999 _c385823
_d385823